El malestar en la cultura y otros ensayos /

El ensayo titulado EL MALESTAR EN LA CULTURA -donde Sigmund Freud (1856-1939) sentó que nuestra especie ha pagado por el progreso el elevado precio de sacrificar la vida instintiva y reprimir la espontaneidad- es la exposición más completa de las ideas del padre de la psicología acerca de la histori...

Full description

Bibliographic Details
Main Author: Freud, Sigmund 1856-1939
Format: Libro
Language:Spanish
Published: Madrid Alianza 2008
Series:Biblioteca Freud 0650
Subjects:
Online Access:

MARC

LEADER 00000cam a2200000 a 4500
001 001393
003 UAHC_CL
005 20170803115731.0
008 090120s2008 sp 000 spa
020 |a 9788420665573 
040 |a UAHC_CL  |c UAHC_CL  |d UAHC_CL 
082 0 4 |a 150.1952  |b F889  |2 20 
100 1 |a Freud, Sigmund  |d 1856-1939 
245 1 3 |a El malestar en la cultura y otros ensayos /  |c Sigmund Freud ; introducción de Carlos Gómez. 
260 |b Alianza  |c 2008  |a Madrid 
300 |a 309 p. 
490 0 |a Biblioteca Freud  |v 0650 
520 |a El ensayo titulado EL MALESTAR EN LA CULTURA -donde Sigmund Freud (1856-1939) sentó que nuestra especie ha pagado por el progreso el elevado precio de sacrificar la vida instintiva y reprimir la espontaneidad- es la exposición más completa de las ideas del padre de la psicología acerca de la historia de la humanidad. Completan el volumen «Sobre la conquista del fuego», «Consideraciones de actualidad sobre la guerra y la muerte» y los seis ensayos destinados a ser publicados bajo el rótulo genérico «Metapsicología», entre los que se halla el célebre «La aflicción y la melancolía». 
650 4 |a EGO (PSICOLOGIA) 
650 4 |a PSICOANALISIS 
653 |a OB. PSICOLOGIA 
900 |a 150.1952 FREME 
942 |c BK 
952 |0 0  |1 0  |4 0  |6 150_195200000000000_FREME  |7 0  |8 Reserva  |9 3085  |a BC  |b BC  |c General  |d 2017-08-03  |l 14  |m 23  |o 150.1952 FREME  |p 1368195  |r 2025-12-23 19:24:06  |s 2025-11-27  |t 1  |w 2017-08-03  |y BK 
952 |0 0  |1 0  |4 0  |6 150_195200000000000_FREME  |7 0  |8 Reserva  |9 3086  |a BC  |b BC  |c General  |d 2017-08-03  |l 5  |m 3  |o 150.1952 FREME  |p 1368196  |r 2026-01-07 00:00:00  |s 2025-07-02  |t 2  |w 2017-08-03  |y BK 
952 |0 0  |1 0  |4 0  |6 150_195200000000000_FREME  |7 0  |8 Reserva  |9 3087  |a BC  |b BC  |c General  |d 2017-08-03  |l 0  |o 150.1952 FREME  |p 1368197  |r 2025-11-25 00:00:00  |t 3  |w 2017-08-03  |y BK 
952 |0 0  |1 0  |4 0  |6 150_195200000000000_FREME  |7 0  |8 Reserva  |9 3088  |a BC  |b BC  |c General  |d 2017-08-03  |l 3  |o 150.1952 FREME  |p 1368198  |r 2025-11-25 00:00:00  |s 2023-11-13  |t 4  |w 2017-08-03  |x Hojas sueltas, y rayado con lápiz mina. RLC 12/09/2018  |y BK 
952 |0 0  |1 0  |4 0  |6 150_195200000000000_FREME  |7 0  |8 Reserva  |9 3089  |a BC  |b BC  |c General  |d 2017-08-03  |l 3  |m 1  |o 150.1952 FREME  |p 1372823  |r 2025-11-25 00:00:00  |s 2023-11-13  |t 5  |w 2017-08-03  |y BK 
952 |0 0  |1 0  |4 0  |6 150_195200000000000_FREME  |7 0  |8 Reserva  |9 3090  |a BC  |b BC  |c General  |d 2017-08-03  |l 1  |m 2  |o 150.1952 FREME  |p 1368200  |r 2025-11-25 00:00:00  |s 2019-08-26  |t 6  |w 2017-08-03  |y BK 
999 |c 1393  |d 1393